000 00285nam a2200121Ia 4500
008 220204s9999 xx 000 0 und d
082 _a065
_bKEM
100 _aR B
245 0 _aOrganization gap
260 _aLondon
_bGeorge Allen and Unwin
_c1972
650 _aManagement
942 _cBK
999 _c34595
_d34595